বঙ্গবন্ধুর ৬ দফা বাঙালির মুক্তি / (Record no. 6590)
[ view plain ]
| 000 -LEADER | |
|---|---|
| fixed length control field | 00961nam a22002177a 4500 |
| 003 - CONTROL NUMBER IDENTIFIER | |
| control field | BUBTL |
| 008 - FIXED-LENGTH DATA ELEMENTS--GENERAL INFORMATION | |
| fixed length control field | 211201b ||||| |||| 00| 0 eng d |
| 020 ## - INTERNATIONAL STANDARD BOOK NUMBER | |
| International Standard Book Number | 9789849270782 |
| 082 ## - DEWEY DECIMAL CLASSIFICATION NUMBER | |
| Classification number | 954.92/ Sa191b/ 2016 |
| 100 ## - MAIN ENTRY--PERSONAL NAME | |
| 9 (RLIN) | 4433 |
| Personal name | সাহা, অসীম |
| 245 ## - TITLE STATEMENT | |
| Title | বঙ্গবন্ধুর ৬ দফা বাঙালির মুক্তি / |
| Statement of responsibility, etc. | অসীম সাহা, মিলন সব্যসাচী |
| 250 ## - EDITION STATEMENT | |
| Edition statement | 1st Edn |
| 260 ## - PUBLICATION, DISTRIBUTION, ETC. (IMPRINT) | |
| Place of publication, distribution, etc. | ঢাকা: |
| Name of publisher, distributor, etc. | বাঙালি, |
| Date of publication, distribution, etc. | c2016 |
| 300 ## - PHYSICAL DESCRIPTION | |
| Extent | 207 p.: |
| Dimensions | 22 cm. |
| 505 ## - FORMATTED CONTENTS NOTE | |
| Formatted contents note | বঙ্গবন্ধুর ৬ দফা বাঙালির মুক্তি, বঙ্গবন্ধু, বাঙালি, অসীম সাহা, মিলন সব্যসাচী |
| 650 #0 - SUBJECT ADDED ENTRY--TOPICAL TERM | |
| 9 (RLIN) | 3574 |
| Topical term or geographic name as entry element | বঙ্গবন্ধু |
| 700 ## - ADDED ENTRY--PERSONAL NAME | |
| 9 (RLIN) | 4434 |
| Personal name | সব্যসাচী, মিলন |
| 856 ## - ELECTRONIC LOCATION AND ACCESS | |
| Password | 0 |
| Logon | 0 |
| Link text | Download |
| 942 ## - ADDED ENTRY ELEMENTS (KOHA) | |
| Source of classification or shelving scheme | |
| Koha item type | Books |
| Withdrawn status | Lost status | Source of classification or shelving scheme | Damaged status | Not for loan | Collection code | Permanent location | Current location | Shelving location | Date acquired | Source of acquisition | Inventory number | Total Checkouts | Total Renewals | Full call number | Barcode | Date last seen | Date last checked out | Copy number | Price effective from | Koha item type |
|---|---|---|---|---|---|---|---|---|---|---|---|---|---|---|---|---|---|---|---|---|
| Historical Books | Bangladesh University of Business and Technology Library | Bangladesh University of Business and Technology Library | Historical Books | 03/11/2020 | Purchase | 27067 | 1 | 1 | 954.92/ Sa191b/ 2016 | BUBTL-200327067 | 03/02/2022 | 01/16/2022 | C-1 | 12/01/2021 | Books |
